| 000 | 00542nab a2200145 4500 | ||
|---|---|---|---|
| 003 | ES-SlBCS | ||
| 005 | 20230310110219.0 | ||
| 008 | 160725s2016 it ||||| |||| 00| 0 eng d | ||
| 040 |
_aES-SlBCS _bspa |
||
| 100 | 1 |
_aMicallef, René M. _9107278 |
|
| 245 | 1 | 0 |
_aWeapons having Uncontainable Effects in Vatican II and in the Age of Cyberwarfare _cRené M. Micallef, S.I. |
| 611 | 0 |
_aConcilio Vaticano _n2º _d(1962-1965) _pGaudium et Spes _9407732 |
|
| 773 | 0 |
_gVol. 97, Nº 3, 2016, págs. 517-541 _tGregorianum _wRev219 _x0017-4114 |
|
| 942 |
_2lcc _cAR |
||
| 999 |
_c858327 _d858327 |
||